Relie le groupe de kpop à son écriture en Hangeul - Statistiques

Statistiques générales
  • Ce quiz a été pris 673 fois
  • Le résultat moyen est 9 sur 12
Statistiques - réponses
Hint Réponse % Correct
TXT 투모로우바이투게더
86%
Mamamoo 마마무
81%
Blackpink 블랙핑크
81%
EXO 엑소
80%
Newjeans 뉴진스
79%
Ive 아이브
79%
Enhypen 엔하이픈
78%
RIIZE 라이즈
78%
Ateez 에이티즈
74%
Nmixx 엔믹스
74%
Treasure 트레저
74%
Twice 트와이스
73%
Aucun quiz correspondant
Distribution des résultats
% des personnes avec chaque résultat
Percentile par nombre de réponses
Votre historique - résultats
Vous n’avez pas pris ce quiz